| 000 | 00981nam a22002417a 4500 | ||
|---|---|---|---|
| 005 | 20150613020002.0 | ||
| 008 | 120206s2009 ck a gr 000010 spa d | ||
| 015 | _ack-2009-xxxx | ||
| 020 | _a9789587193152 | ||
| 041 | 0 | _aspa | |
| 082 | 0 | 4 |
_a597.92 _bP69p |
| 245 | 0 | 0 |
_aPlan de manejo orientado al uso sostenible de la tortuga hicotea en Colombia / _ctextos María Angenis Bonilla Gómez ... [et al.]. |
| 260 |
_aBogotá : _bMinisterio de Ambiente, Vivienda y Desarrollo Territorial; _bUniversidad Nacional de Colombia; _c2009. |
||
| 300 |
_a76 p. : _bil. ; _c28 cm. |
||
| 504 | _aIncluye bibliografías. | ||
| 650 | 4 |
_aTortugas _z Colombia. _928158 |
|
| 650 | 4 |
_aCría de tortugas. _9934 |
|
| 650 | 4 |
_aTortugas _x Distribución geográfica. _928159 |
|
| 650 | 4 |
_aConservación de la vida silvestre _x Investigaciones _z Colombia. _928160 |
|
| 650 | 4 |
_aTortugas _x Hábitos y conducta. _928161 |
|
| 700 | 1 |
_aBonilla Gómez, María Argenis. _9938 |
|
| 942 |
_2ddc _cBIBLIOGRAF _02 |
||
| 999 |
_c7447 _d7447 |
||